| 000 | 05156nam a2200217Ia 4500 | ||
|---|---|---|---|
| 003 | Ost | ||
| 005 | 20260507075707.0 | ||
| 008 | 260507s9999||||xx |||||||||||||| ||und|| | ||
| 020 | _a9789961720875 | ||
| 040 | _cfsecg | ||
| 041 | _aara | ||
| 082 | _a330.153 | ||
| 100 |
_aبن حمود، سكينة _eمؤلف |
||
| 245 | 0 |
_aدروس في الاقتصاد السياسي / _c سكينة بن حمود |
|
| 260 |
_aالجزائر: _bدار الحديث للكتاب, _c2014 |
||
| 300 |
_a404 صفحة؛ _bإيضاحات ؛ _c24 سم |
||
| 520 | _aموضوع و منهج الاقتصاد السياسي، الفكر الاقتصادي لدى ابن خلدون ، التجاريون ( المركانتيليون )، الطبيعيون ( الفيزيوقراط)، النظرية التقليدية (الكلاسيكية)، النظرية الماركسية، النظرية الحدية(النيوكلاسيكية) ، الفكر الكينزي، النقود حسب الكلاسيك و ماركس و النيوكلاسيك، نظرية السعر حسب الكلاسيك و ماركس ، الاجور حسب الكلاسيك و ماركس و النيوكلاسيك، الريع حسب الكلاسيك و ماركس و النيوكلاسيك، الربح حسب الكلاسيك و ماركس و النيوكلاسيك ، الفائدة حسب الكلاسيك و كينز. | ||
| 653 | _aالاقتصاد الكلاسيكي | ||
| 653 | _aالمذاهب الاقتصادية | ||
| 942 | _cكتاب | ||
| 999 |
_c45877 _d45877 |
||